000 00291nam a22001217a 4500
008 181009b xxu||||| |||| 00| 0 eng d
041 _aeng
080 _a159.9
100 _a48
101 _aPSI
245 _aThe Making Of Psychological Antropology
_cSpindler.G.D
942 _2udc
_cBK
999 _c49221
_d49221